Monodia cortesana trobadoresca : seixanta-quatre transcripcions inèdites / de Mn. Higini Anglès ; a cura d' Antoni Rossell i Mayo seixanta-quatre transcripcions inèdites / de Mn. Higini Anglès ; a cura d' Antoni Rossell i Mayo
Descripción Física:
207 p. ; amb partitures ; 23'5 cm
MARC
| LEADER | 00000nam a2200000Ia 4500 | ||
|---|---|---|---|
| 001 | 7664 | ||
| 008 | 160829s1986 xx 000 0 cat d | ||
| 080 | |a B-1-129 | ||
| 245 | |a Monodia cortesana trobadoresca : |b seixanta-quatre transcripcions inèdites / de Mn. Higini Anglès ; a cura d' Antoni Rossell i Mayo | ||
| 260 | |a Barcelona : |b Diputació. Biblioteca de Catalunya, |c 1986 | ||
| 300 | |a 207 p. ; |c amb partitures ; |c 23'5 cm | ||
| 490 | |a Catàlegs i altres publicacions de la secció de música ; XXXII | ||
| 650 | |a Música |x 500/1400 |x Transcripcions |9 30989 | ||
| 650 | |a Cançons trobadoresques |9 30990 | ||
| 700 | |a Anglès, Higini, |d 1888-1969 |9 26341 | ||
| 700 | |a Rossell i Mayo, Antoni, ed. |9 30991 | ||
| 710 | 1 | |a Biblioteca de Catalunya |9 52741 | |
| 901 | |a Arxiu | ||
| 942 | |n 1 | ||
| 952 | |0 0 |1 0 |4 0 |6 B1129 |7 1 |9 45591 |a Arxiu |b Arxiu |d 2016-12-01 |l 0 |o B-1-129 |p 7664 |r 2016-12-01 00:00:00 |w 2016-12-01 |y ARXIU | ||
| 999 | |c 48759 |d 48759 | ||